Социально-экологический маркетинг как инструмент устойчивого развития региона; Исследования молодых - регионам; Т. 2

書誌詳細
Parent link:Исследования молодых - регионам: сборник трудов I Всероссийской научно-практической конференции, 29-31 марта 2011 г., г. Томск/ Национальный исследовательский Томский политехнический университет (ТПУ), Новокузнецкий филиал (НФ); под ред. С. И. Каковихиной.— , 2011.— 978-5-98298-905-5
Т. 2.— 2011.— C. 378-382
第一著者: Кречетова М. А.
その他の著者: Часовников С. Н.
言語:ロシア語
出版事項: 2011
シリーズ:Современные тенденции в экономике и управлении
主題:
フォーマット: MixedMaterials 図書の章
KOHA link:https://koha.lib.tpu.ru/cgi-bin/koha/opac-detail.pl?biblionumber=251741

MARC

LEADER 00000naa2a2200000 4500
001 251741
005 20231031213609.0
035 |a (RuTPU)RU\TPU\book\274050 
035 |a RU\TPU\book\274049 
090 |a 251741 
100 |a 20140224d2011 k y0rusy50 ca 
101 0 |a rus 
102 |a RU 
200 1 |a Социально-экологический маркетинг как инструмент устойчивого развития региона  |f М. А. Кречетова, С. Н. Часовников 
225 1 |a Современные тенденции в экономике и управлении 
320 |a Библиогр.: с. 382 (2 назв.) 
461 1 |0 (RuTPU)RU\TPU\book\251726  |y 978-5-98298-905-5  |t Исследования молодых - регионам  |o сборник трудов I Всероссийской научно-практической конференции, 29-31 марта 2011 г., г. Томск  |f Национальный исследовательский Томский политехнический университет (ТПУ), Новокузнецкий филиал (НФ); под ред. С. И. Каковихиной  |d 2011 
463 0 |0 (RuTPU)RU\TPU\book\250367  |y 978-5-98298-907-9  |t Т. 2  |v C. 378-382  |d 2011  |p 420 с. 
610 1 |a социально-экологический маркетинг 
610 1 |a устойчивое развитие 
610 1 |a регионы 
610 1 |a экологическое предпринимательство 
610 1 |a природные ресурсы 
610 1 |a активы 
610 1 |a природоохранная деятельность 
700 1 |a Кречетова  |b М. А. 
701 1 |a Часовников  |b С. Н. 
801 1 |a RU  |b 63413507  |c 20140203 
801 2 |a RU  |b 63413507  |c 20140411  |g RCR 
942 |c BK